Elecciones internas y primarias de los partidos políticos Uruguay 25 de abril de 1999 /
Uloženo v:
| Hlavní autor: | |
|---|---|
| Médium: | Text |
| Témata: | |
| Tagy: |
Přidat tag
Žádné tagy, Buďte první, kdo vytvoří štítek k tomuto záznamu!
|
MARC
| LEADER | 00000 a a2200000 04500 | ||
|---|---|---|---|
| 001 | 2018 | ||
| 003 | |||
| 040 | |||
| 100 | |a González Rissoto, Rodolfo | ||
| 245 | |a Elecciones internas y primarias de los partidos políticos Uruguay 25 de abril de 1999 / |c Rodolfo González Rissoto | ||
| 650 | |a REFORMA CONSTITUCIONAL | ||
| 650 | |a SISTEMAS ELECTORALES | ||
| 650 | |a ELECCIONES | ||
| 650 | |a PARTIDOS POLITICOS | ||
| 650 | |a COMPORTAMIENTO POLITICO | ||
| 650 | |a PARTICIPACION DE LA MUJER | ||
| 650 | |a PARTICIPACION POLITICA | ||
| 650 | |a ELECCIONES | ||
| 650 | |a VOTACION | ||
| 650 | |a DISTRIBUCION POR EDAD Y SEXO | ||
| 773 | |g número 21; páginas 25-47 | ||
| 999 | |c 36356 |d 36356 | ||
